Records sportifs détenus par des français - Statistiques

Statistiques générales
  • Ce quiz a été pris 439 fois
  • Le résultat moyen est 7 sur 11
Statistiques - réponses
Hint Réponse % Correct
Record du monde du nombre de points en décathlon Kévin Mayer
96%
Record du nombre de buts en une seule coupe du monde de football Just Fontaine
84%
Record du monde de 50 km marche sur route Yohann Diniz
80%
Record du monde de 50 km marche sur piste Yohann Diniz
80%
Record du plus long match de tennis de l'histoire (avec John Isner) Nicolas Mahut
70%
Joueur le plus titré à la coupe du monde de handball Thierry Omeyer
65%
Record du monde de triple saut en salle Teddy Tamgho
60%
Record d'Europe sur 100 m Jimmy Vicaut
47%
Record d'Europe sur 3000 m steeple Mahiedine Mekhissi-Benabbad
43%
Record d'Europe sur 100 m féminin Christine Arron
28%
Record d'Europe sur 5 km Jimmy Gressier
16%
Aucun quiz correspondant
Distribution des résultats
% des personnes avec chaque résultat
Percentile par nombre de réponses
Votre historique - résultats
Vous n’avez pas pris ce quiz